|
|
|
|
| LEADER |
05240nam a22004693i 4500 |
| 001 |
EBC5781072 |
| 003 |
MiAaPQ |
| 005 |
20231204023214.0 |
| 006 |
m o d | |
| 007 |
cr cnu|||||||| |
| 008 |
231204s2019 xx o ||||0 eng d |
| 020 |
|
|
|a 9783030157456
|q (electronic bk.)
|
| 020 |
|
|
|z 9783030157449
|
| 035 |
|
|
|a (MiAaPQ)EBC5781072
|
| 035 |
|
|
|a (Au-PeEL)EBL5781072
|
| 035 |
|
|
|a (OCoLC)1105193817
|
| 040 |
|
|
|a MiAaPQ
|b eng
|e rda
|e pn
|c MiAaPQ
|d MiAaPQ
|
| 050 |
|
4 |
|a Q175.35-.37
|
| 100 |
1 |
|
|a Schroeder, Doris.
|
| 245 |
1 |
0 |
|a Equitable Research Partnerships :
|b A Global Code of Conduct to Counter Ethics Dumping.
|
| 250 |
|
|
|a 1st ed.
|
| 264 |
|
1 |
|a Cham :
|b Springer International Publishing AG,
|c 2019.
|
| 264 |
|
4 |
|c ©2019.
|
| 300 |
|
|
|a 1 online resource (134 pages)
|
| 336 |
|
|
|a text
|b txt
|2 rdacontent
|
| 337 |
|
|
|a computer
|b c
|2 rdamedia
|
| 338 |
|
|
|a online resource
|b cr
|2 rdacarrier
|
| 490 |
1 |
|
|a SpringerBriefs in Research and Innovation Governance Series
|
| 505 |
0 |
|
|a Intro -- Dedication -- Foreword -- Reference -- Acknowledgements -- References -- Contents -- About the Authors -- Abbreviations -- Chapter 1: Ethics Dumping and the Need for a Global Code of Conduct -- References -- Chapter 2: A Value-Based Global Code of Conduct to Counter Ethics Dumping -- Fairness -- Article 1 -- Article 2 -- Article 3 -- Article 4 -- Article 5 -- Article 6 -- Article 7 -- Respect -- Article 8 -- Article 9 -- Article 10 -- Article 11 -- Care -- Article 12 -- Article 13 -- Article 14 -- Article 15 -- Article 16 -- Article 17 -- Article 18 -- Article 19 -- Honesty -- Article 20 -- Article 21 -- Article 22 -- Article 23 -- Chapter 3: The Four Values Framework: Fairness, Respect, Care and Honesty -- Introduction -- The Meaning of "Value" -- What Can Guide Moral Action? -- Values and Their Motivating Power -- From Values to Action -- The Four Values -- Fairness -- Respect -- Care -- Honesty -- Conclusion -- References -- Chapter 4: Respect and a Global Code of Conduct? -- Introduction -- The Four Values and Moral Relativism -- A More Moderate Relativism -- Grounding the Global Applicability Thesis of the GCC in a Common Morality -- Conclusion -- References -- Chapter 5: Exploitation Risks in Collaborative International Research -- The Nature of Exploitation -- Our Method -- Our Findings -- Fairness -- Respect -- Care -- Honesty -- Conclusion -- Serious Poverty -- Extreme Differentials in Power -- Past History of Colonialism -- References -- Chapter 6: How the Global Code of Conduct Was Built -- Introduction -- Meaningful Consultation with Diverse Stakeholders -- Broad Consultation -- The Case Study Competition -- Meetings and Platforms: Reaching the Right Delegates -- External Engagement with Research Policymakers -- External Engagement with Research Funders -- External Engagement with Researchers.
|
| 505 |
8 |
|
|a Engagement with Research Participants and Research Communities -- Advocate Voices for Animals -- External Engagement with Research Ethics Committees -- Analysis of Existing Guidelines -- Drafting Process -- Early Adopters and Conclusion -- References -- Chapter 7: The San Code of Research Ethics -- Introduction -- The San of Southern Africa -- Institution Building and Supportive NGOs -- WIMSA: The Catalyst Institution -- South African San Institute and South African San Council -- Leaders of Integrity -- Legal Support -- Supportive Research Collaborations -- Drafting the San Code of Research Ethics -- The San Code of Research Ethics -- Respect -- Honesty -- Justice and Fairness -- Care -- Process -- Conclusion -- References -- Chapter 8: Good Practice to Counter Ethics Dumping -- Introduction -- The Values as an Ethical Foundation -- Ethical Engagement with Communities -- Setting the Research Aims and/or Developing the Research Question -- Designing the Study -- Implementing the Study -- The Results Phase -- Evaluating the Study -- Developing an Accessible Complaints Procedure -- Factors Affecting Accessibility -- The Scope of a Complaints Procedure -- A Values-Based Approach to Developing a Complaints Procedure -- A Fair Research Contracting Tool -- Conclusion -- References -- Chapter 9: Towards Equitable Research Partnership -- References -- Appendix -- Global Code of Conduct for Research in Resource-Poor Settings (GCC) -- Index.
|
| 588 |
|
|
|a Description based on publisher supplied metadata and other sources.
|
| 590 |
|
|
|a Electronic reproduction. Ann Arbor, Michigan : ProQuest Ebook Central, 2023. Available via World Wide Web. Access may be limited to ProQuest Ebook Central affiliated libraries.
|
| 650 |
|
0 |
|a Research--Moral and ethical aspects.
|
| 655 |
|
4 |
|a Electronic books.
|
| 700 |
1 |
|
|a Chatfield, Kate.
|
| 700 |
1 |
|
|a Singh, Michelle.
|
| 700 |
1 |
|
|a Chennells, Roger.
|
| 700 |
1 |
|
|a Herissone-Kelly, Peter.
|
| 776 |
0 |
8 |
|i Print version:
|a Schroeder, Doris
|t Equitable Research Partnerships
|d Cham : Springer International Publishing AG,c2019
|z 9783030157449
|
| 797 |
2 |
|
|a ProQuest (Firm)
|
| 830 |
|
0 |
|a SpringerBriefs in Research and Innovation Governance Series
|
| 856 |
4 |
0 |
|u https://ebookcentral.proquest.com/lib/matrademy/detail.action?docID=5781072
|z Click to View
|